Social Work: (Record no. 182893)
[ view plain ]
| 000 -LEADER | |
|---|---|
| fixed length control field | 00682 a2200193 4500 |
| 005 - DATE AND TIME OF LATEST TRANSACTION | |
| control field | 20211209113101.0 |
| 010 ## - LCCN (DPL NO) | |
| LC control number | ENG-130249 |
| 020 ## - INTERNATIONAL STANDARD BOOK NUMBER | |
| International Standard Book Number | 978-81-89005-94-8 |
| Terms of availability | 225.00 |
| 035 ## - SYSTEM CONTROL NUMBER | |
| System control number | EN-113781 |
| 037 ## - SOURCE OF ACQUISITION | |
| Source of stock number/acquisition | DBAD / PUB |
| 082 ## - DEWEY DECIMAL CLASSIFICATION NUMBER | |
| Classification number | 361.3 |
| 100 ## - MAIN ENTRY--PERSONAL NAME | |
| Personal name | Murthy, S.K. |
| 245 ## - TITLE STATEMENT | |
| Title | Social Work: |
| Remainder of title | Theory and Practice/ |
| Statement of responsibility, etc | S.K. Murthy |
| 250 ## - EDITION STATEMENT | |
| Edition statement | 2011 |
| 260 ## - PUBLICATION, DISTRIBUTION, ETC. (IMPRINT) | |
| Place of publication, distribution, etc | New delhi |
| Name of publisher, distributor, etc | Lotus press publishers & distributor |
| Date of publication, distribution, etc | 2011 |
| 270 ## - ADDRESS | |
| Address | Unit No. 220,Second Floor, 4735/22, Prakash Deep Building, Ansari Road, Darya Gang |
| City | New delhi |
| Postal code | 110002 |
| Telephone number | 32903912 |
| Electronic mail address | lotus_press@sify.com |
| 300 ## - PHYSICAL DESCRIPTION | |
| Extent | 278p. |
| Dimensions | 21cm (pbk) |
| Other physical details | Index,Bibliography |
| 942 ## - ADDED ENTRY ELEMENTS (KOHA) | |
| Institution code [OBSOLETE] | dpl |
| Item type | English Books |
| Source of classification or shelving scheme | Dewey Decimal Classification |
| Classification part | 361.3 |
| Call number suffix | MUR |
| Withdrawn status | Lost status | Not for loan | Collection code | Home library | Current library | Date acquired | Source of acquisition | Cost, normal purchase price | Full call number | Barcode | Copy number | Cost, replacement price | Koha item type |
|---|---|---|---|---|---|---|---|---|---|---|---|---|---|
| Non-fiction | Shahdara Branch | Shahdara Branch | 09/12/2021 | DBAD/PUB | 225.00 | 361.3 MUR | EN-113781 | 1 | 225.00 | English Books |
